|
|
|
|
| LEADER |
00000nam0a2200000 4500 |
| 001 |
373174 |
| 005 |
20231102012536.0 |
| 035 |
|
|
|a (RuTPU)RU\TPU\retro\30601
|
| 035 |
|
|
|a RU\TPU\book\269036
|
| 090 |
|
|
|a 373174
|
| 100 |
|
|
|a 20221215d1987 km y0rusy50 ca
|
| 101 |
1 |
|
|a rus
|c cze
|
| 102 |
|
|
|a CZ
|
| 105 |
|
|
|a a f 001zy
|
| 200 |
1 |
|
|a Иллюстрированная энциклопедия моды
|e пер. с чеш.
|f Л. Кибалова, О. Гербенова, М. Ламарова
|
| 205 |
|
|
|a 2-е изд.
|
| 210 |
|
|
|a Прага
|c Артия
|d 1987
|
| 215 |
|
|
|a 608 с.
|c ил.
|
| 606 |
1 |
|
|a Одежда
|x Конструирование
|x Моделирование
|2 stltpush
|3 (RuTPU)RU\TPU\subj\46801
|9 65897
|
| 610 |
1 |
|
|a мода
|
| 610 |
1 |
|
|a энциклопедии
|
| 610 |
1 |
|
|a мода
|
| 610 |
1 |
|
|a история
|
| 675 |
|
|
|a 687(03)
|v 3
|
| 700 |
|
1 |
|a Кибалова
|b Л.
|g Людмила
|
| 701 |
|
1 |
|a Гербенова
|b О.
|g Ольга
|
| 701 |
|
1 |
|a Ламарова
|b М.
|g Милена
|
| 801 |
|
1 |
|a RU
|b 63413507
|c 20140109
|
| 801 |
|
2 |
|a RU
|b 63413507
|c 20221215
|g RCR
|
| 942 |
|
|
|c BK
|